[Event "VI Open A"]
[Site "Genova ITA"]
[Date "2002.08.09"]
[Round "8"]
[White "Jowett, Peter E."]
[Black "Pechy, Alaster"]
[Result "1-0"]
[WhiteElo "2204"]
[BlackElo "1864"]
[PlyCount "89"]
[EventDate "2002.08.03"]

1. e4 c5 2. Nf3 d6 3. d4 cxd4 4. Nxd4 Nf6 5. Nc3 g6 6. f4 Nc6 7. Nxc6 bxc6 8.
e5 dxe5 9. Qxd8+ Kxd8 10. fxe5 Ng4 11. Bf4 Ke8 12. Rd1 Bh6 13. Bxh6 Nxh6 14. h3
Nf5 15. Kf2 Rb8 16. b3 Rb4 17. Bc4 Be6 18. a3 Rb8 19. g4 Ng7 20. Be2 Bc8 21.
Rd2 Ne6 22. Rhd1 Bb7 23. Bc4 Rd8 24. Rxd8+ Nxd8 25. Ne4 h6 26. Nc5 Bc8 27. Be2
h5 28. Kg3 hxg4 29. hxg4 Ne6 30. Nxe6 Bxe6 31. Bf3 Bd7 32. Rd4 f5 33. exf6 exf6
34. Ra4 Ke7 35. Rxa7 Kd6 36. Ra4 g5 37. Rd4+ Kc7 38. a4 Ra8 39. Re4 Ra5 40. Re7
Kd6 41. Re1 Rc5 42. c4 Be6 43. Bd1 f5 44. b4 f4+ 45. Kf2 1-0

[Event "VI Open A"]
[Site "Genova ITA"]
[Date "2002.08.09"]
[Round "8"]
[White "Mola, Pietro"]
[Black "Temi, Walter"]
[Result "1/2-1/2"]
[WhiteElo "2277"]
[BlackElo "2073"]
[PlyCount "60"]
[EventDate "2002.08.03"]

1. e4 e6 2. d4 b6 3. Bd3 Bb7 4. Ne2 c5 5. c3 d5 6. e5 Qd7 7. O-O Ba6 8. dxc5
Bxc5 9. Bxa6 Nxa6 10. Qd3 Nc7 11. Nd2 a5 12. Nb3 Ne7 13. Bg5 h6 14. Bxe7 Bxe7
15. Nbd4 Kf8 16. Rad1 Na6 17. f4 Nc5 18. Qf3 g6 19. g4 h5 20. h3 hxg4 21. hxg4
Kg7 22. f5 gxf5 23. gxf5 Rag8 24. fxe6 fxe6 25. Ng3 Rh7 26. Rd2 Kh8 27. Rh2 Bd8
28. Rff2 Rgg7 29. Rxh7+ Kxh7 30. Rg2 a4 1/2-1/2

[Event "VI Open A"]
[Site "Genova ITA"]
[Date "2002.08.09"]
[Round "8"]
[White "Mollero, Michele"]
[Black "Durdevic, Radoslav"]
[Result "1-0"]
[WhiteElo "2153"]
[BlackElo "2124"]
[PlyCount "155"]
[EventDate "2002.08.03"]

1. e4 c5 2. Nc3 Nc6 3. g3 g6 4. Bg2 Bg7 5. f4 d6 6. d3 e6 7. Nf3 Nge7 8. O-O
O-O 9. Ne2 Bd7 10. c3 Rc8 11. Be3 h6 12. g4 b6 13. Ng3 f5 14. Nh4 Bf6 15. g5
hxg5 16. fxg5 Bg7 17. exf5 gxf5 18. g6 Be8 19. Bg5 Ne5 20. Ngxf5 Bf6 21. Nh6+
Kg7 22. Rxf6 Rxf6 23. Bxf6+ Kxf6 24. Ng4+ Kg7 25. Nxe5 dxe5 26. Qg4 Nxg6 27.
Nxg6 Bxg6 28. Be4 Qe8 29. h4 Kh7 30. Qh5+ Kg7 31. Qxe5+ Kg8 32. Kh2 Bxe4 33.
Rg1+ Bg6 34. h5 Qf7 35. Rxg6+ Kh7 36. Qe4 Qf5 37. Rxe6 Rf8 38. Re7+ Kh6 39.
Re6+ Kg7 40. Re7+ Kh6 41. Qxf5 Rxf5 42. Kg3 Kxh5 43. Rxa7 Kg5 44. Rg7+ Kh6 45.
Rd7 Kg5 46. Rd6 b5 47. Rb6 Rd5 48. Kf3 Kf5 49. Ke3 c4 50. dxc4 bxc4 51. Rb4
Rd3+ 52. Ke2 Rh3 53. a4 Ke5 54. a5 Kd5 55. a6 Rh7 56. Ra4 Ra7 57. Ke3 Kc5 58.
Ke4 Kb5 59. Ra1 Kc5 60. Ke5 Re7+ 61. Kf6 Ra7 62. Ke6 Kc6 63. Ra4 Kb5 64. Ra3
Kc6 65. Ke5 Kc5 66. Ke4 Re7+ 67. Kf4 Rf7+ 68. Ke3 Re7+ 69. Kd2 Rd7+ 70. Kc2 Ra7
71. Kb1 Kb5 72. Ka2 Rxa6 73. Rxa6 Kxa6 74. Kb1 Kb5 75. Kc2 Ka4 76. Kc1 Kb5 77.
Kd2 Ka4 78. Ke3 1-0

[Event "VI Open A"]
[Site "Genova ITA"]
[Date "2002.08.09"]
[Round "8"]
[White "Popchev, Milko"]
[Black "Mateo, Ramon"]
[Result "1/2-1/2"]
[WhiteElo "2419"]
[BlackElo "2416"]
[PlyCount "115"]
[EventDate "2002.08.03"]

1. d4 Nf6 2. g3 d5 3. Bg2 e6 4. Nf3 Be7 5. O-O O-O 6. b3 b6 7. Bb2 Bb7 8. Nbd2
a5 9. Ne5 a4 10. c4 c5 11. dxc5 a3 12. Bc3 bxc5 13. Rc1 Qb6 14. cxd5 exd5 15.
Ba1 Na6 16. e4 dxe4 17. Qe2 Qe6 18. Nxe4 Nxe4 19. Bxe4 Bxe4 20. Qxe4 f6 21. Qc4
Qxc4 22. Nxc4 Nb4 23. Rce1 Rfe8 24. Re2 Bf8 25. Rfe1 Kf7 26. Bc3 Rxe2 27. Rxe2
Re8 28. Rxe8 Kxe8 29. Bxb4 cxb4 30. Kg2 Kd7 31. Kf3 Bc5 32. Ne3 g6 33. Ke4 Kc6
34. Nd5 f5+ 35. Ke5 Bf8 36. Ne3 Kc5 37. Nc2 Bg7+ 38. Ke6 Bd4 39. f3 Bg1 40. h3
Bh2 41. g4 fxg4 42. fxg4 Bf4 43. Kf6 Bd6 44. Ke6 Bf4 45. h4 Bg3 46. h5 gxh5 47.
gxh5 Bf4 48. Kf5 Bd2 49. Ke4 h6 50. Nd4 Bc1 51. Nf5 Bd2 52. Ke5 Bc1 53. Ng3
Bb2+ 54. Ke4 Bc1 55. Nh1 Kd6 56. Nf2 Ke6 57. Ng4 Bg5 58. Ne5 1/2-1/2

[Event "VI Open A"]
[Site "Genova ITA"]
[Date "2002.08.09"]
[Round "8"]
[White "Scacco, Mauro"]
[Black "Sbarra, Marco"]
[Result "0-1"]
[WhiteElo "2070"]
[BlackElo "2237"]
[PlyCount "54"]
[EventDate "2002.08.03"]

1. e4 c5 2. Nf3 Nc6 3. Bb5 e6 4. Bxc6 bxc6 5. O-O Qc7 6. d3 Ne7 7. Nc3 Ng6 8.
Ng5 f6 9. Nh3 Be7 10. Qh5 O-O 11. f4 Rf7 12. f5 Nf8 13. g4 g6 14. Qh4 d5 15.
fxe6 Nxe6 16. exd5 Nd4 17. Bf4 Bd6 18. Bxd6 Qxd6 19. Ne4 Ne2+ 20. Kh1 Qxd5 21.
Rxf6 Rxf6 22. Qxf6 Bxg4 23. Nhf2 Bh5 24. c4 Qd7 25. h3 Rf8 26. Qe5 Qf7 27. Kh2
Qxf2+ 0-1

[Event "VI Open A"]
[Site "Genova ITA"]
[Date "2002.08.09"]
[Round "8"]
[White "Simeoni, Matteo"]
[Black "Scavazza, Giampaolo"]
[Result "0-1"]
[WhiteElo "2048"]
[BlackElo "1902"]
[PlyCount "54"]
[EventDate "2002.08.03"]

1. e4 c5 2. Nf3 Nc6 3. d4 cxd4 4. Nxd4 Nf6 5. Nc3 d6 6. Bc4 e6 7. Bb3 Be7 8.
Be3 O-O 9. f4 a6 10. Qf3 Qc7 11. h3 Nxd4 12. Bxd4 b5 13. Bxf6 Bxf6 14. e5 Bh4+
15. Kf1 Bb7 16. Qg4 Be7 17. Re1 dxe5 18. fxe5 b4 19. Nd1 Bc5 20. h4 Rad8 21. c3
f6 22. Bxe6+ Kh8 23. Bf5 fxe5 24. Ke2 Qd6 25. Qg5 Rxf5 26. Qxf5 Qd2+ 27. Kf1
Bxg2# 0-1

[Event "VI Open A"]
[Site "Genova ITA"]
[Date "2002.08.09"]
[Round "8"]
[White "Taeger, Torsten"]
[Black "De Santis, Alessio"]
[Result "1/2-1/2"]
[WhiteElo "2117"]
[BlackElo "2243"]
[PlyCount "28"]
[EventDate "2002.08.03"]

1. e4 c5 2. Nf3 e6 3. d3 Nc6 4. Nbd2 Qc7 5. g3 Be7 6. Bg2 h5 7. h4 Nf6 8. a4 d6
9. Nc4 Ng4 10. c3 Bd7 11. Qe2 Na5 12. Nxa5 Qxa5 13. Bd2 Qa6 14. d4 Qxe2+
1/2-1/2

[Event "VI Open A"]
[Site "Genova ITA"]
[Date "2002.08.10"]
[Round "9"]
[White "De Santis, Alessio"]
[Black "Di Paolo, Raffaele"]
[Result "0-1"]
[WhiteElo "2243"]
[BlackElo "2319"]
[PlyCount "76"]
[EventDate "2002.08.03"]

1. d4 Nf6 2. c4 g6 3. Nc3 Bg7 4. e4 d6 5. Be2 O-O 6. Bg5 Na6 7. h4 e5 8. d5 h6
9. Be3 Nc5 10. f3 Nh5 11. Qd2 Nf4 12. Rh2 f5 13. b4 Nd7 14. g3 Nxe2 15. Kxe2 f4
16. gxf4 exf4 17. Bd4 Ne5 18. c5 a5 19. b5 a4 20. Re1 Bd7 21. c6 bxc6 22. dxc6
Be6 23. Nd5 Bxd5 24. Bxe5 Be6 25. Bxg7 Kxg7 26. Qd4+ Qf6 27. Kd3 Rfb8 28. Rb2
a3 29. Rb4 Bxa2 30. Ne2 g5 31. hxg5 hxg5 32. Nc3 Be6 33. b6 Rxb6 34. Rxb6 Qxd4+
35. Kxd4 cxb6 36. e5 d5 37. c7 a2 38. Ra1 Ra7 0-1

[Event "VI Open A"]
[Site "Genova ITA"]
[Date "2002.08.10"]
[Round "9"]
[White "Ferretti, Folco"]
[Black "Taeger, Torsten"]
[Result "1/2-1/2"]
[WhiteElo "2279"]
[BlackElo "2117"]
[PlyCount "95"]
[EventDate "2002.08.03"]

1. e4 d6 2. d4 Nf6 3. Bd3 e5 4. c3 g6 5. Nf3 Nbd7 6. O-O Bg7 7. h3 O-O 8. Be3
b6 9. Nbd2 a5 10. dxe5 Nxe5 11. Nxe5 dxe5 12. Qc2 Qe7 13. Bg5 h6 14. Bh4 g5 15.
Bg3 Nh5 16. Bh2 g4 17. hxg4 Bxg4 18. Nc4 Qg5 19. Ne3 Rad8 20. Nxg4 Qxg4 21. Be2
Qg5 22. Bxh5 Qxh5 23. Rad1 Rfe8 24. Rd3 Rxd3 25. Qxd3 Qg4 26. Rd1 Bf8 27. Qg3
Qxg3 28. Bxg3 Bd6 29. Kf1 Kg7 30. Ke2 Kg6 31. f3 f5 32. Bf2 fxe4 33. fxe4 Re6
34. Be3 h5 35. Rf1 Rf6 36. Rxf6+ Kxf6 37. a4 Be7 38. Kd3 Ke6 39. Kc4 Kd6 40.
Kb5 Bd8 41. b4 axb4 42. cxb4 Kd7 43. Kc4 c6 44. Bd2 Bh4 45. a5 Bf2 46. Bc3 b5+
47. Kd3 Kd6 48. Bd2 1/2-1/2

[Event "VI Open A"]
[Site "Genova ITA"]
[Date "2002.08.10"]
[Round "9"]
[White "Gentile, Claudio"]
[Black "Mola, Pietro"]
[Result "0-1"]
[WhiteElo "2114"]
[BlackElo "2277"]
[PlyCount "148"]
[EventDate "2002.08.03"]

1. Nf3 c5 2. c4 Nc6 3. d4 cxd4 4. Nxd4 Nf6 5. Nc3 e6 6. Ndb5 Bc5 7. a3 O-O 8.
b4 Be7 9. Qa4 d5 10. cxd5 exd5 11. Be3 Bd7 12. Qb3 a5 13. bxa5 Nxa5 14. Qb1 Nc4
15. Bd4 Qa5 16. e3 Bxb5 17. Qxb5 Nxa3 18. Qxa5 Rxa5 19. Rc1 Nd7 20. Be2 Bf6 21.
Bxf6 Nxf6 22. O-O b5 23. Nb1 b4 24. Nd2 Ne4 25. Nb3 Ra7 26. Rc6 Nc3 27. Bd3 g6
28. Rb6 Na2 29. Nd4 Nc4 30. Rb5 Ra3 31. Be2 Nd2 32. Re1 Rfa8 33. h3 b3 34. Rd1
Nc3 35. Rxd2 Nxb5 36. Bxb5 Ra1+ 37. Kh2 Rb1 38. Kg3 Ra2 39. Nf3 Rc1 40. Rxd5 b2
41. Rd8+ Kg7 42. Bd3 Rd1 43. Bc4 b1=Q 44. Bxa2 Qc1 45. Rxd1 Qxd1 46. Nd4 Qd2
47. Bd5 Qb4 48. Kf3 Qc5 49. Ke4 Kf8 50. Bc6 Ke7 51. Kd3 Qc1 52. Ke4 Qg1 53. Kf3
Kd6 54. Ke2 f5 55. Kf3 Ke5 56. Ke2 Qc1 57. Nf3+ Kf6 58. Nd4 g5 59. Bd7 f4 60.
Bb5 h5 61. Kf3 h4 62. Ke2 Qb2+ 63. Kf3 Qd2 64. Bc4 Qe1 65. Be2 Ke5 66. Nc6+ Kd5
67. Ne7+ Ke6 68. Ng8 fxe3 69. Kxe3 Qc1+ 70. Ke4 Qf4+ 71. Kd3 Qd6+ 72. Kc3 Ke5
73. f4+ Kxf4 74. Bc4 Kg3 0-1

[Event "VI Open A"]
[Site "Genova ITA"]
[Date "2002.08.10"]
[Round "9"]
[White "Isonzo, David"]
[Black "Popchev, Milko"]
[Result "1/2-1/2"]
[WhiteElo "2337"]
[BlackElo "2419"]
[PlyCount "82"]
[EventDate "2002.08.03"]

1. e4 c6 2. d4 d5 3. Nc3 h6 4. Nf3 dxe4 5. Nxe4 Bf5 6. Ng3 Bh7 7. Bd3 Bxd3 8.
Qxd3 Nf6 9. Bd2 e6 10. O-O-O Nbd7 11. Qe2 Qc7 12. Kb1 O-O-O 13. Ne5 Nxe5 14.
dxe5 Nd7 15. f4 Be7 16. h4 Rhe8 17. h5 Bf8 18. c4 f5 19. exf6 Nxf6 20. Ne4 e5
21. Nxf6 gxf6 22. Qg4+ Qd7 23. Qxd7+ Rxd7 24. Be3 Rxd1+ 25. Rxd1 exf4 26. Bxf4
Re4 27. Bd6 Bxd6 28. Rxd6 Rf4 29. g3 Rf5 30. b4 Kc7 31. c5 b6 32. g4 Rf4 33. a3
a5 34. Ka2 axb4 35. axb4 Rxb4 36. Rxf6 bxc5 37. Rxh6 Rxg4 38. Kb3 Kb6 39. Rh8
c4+ 40. Kb4 c5+ 41. Kc3 Rh4 1/2-1/2

[Event "VI Open A"]
[Site "Genova ITA"]
[Date "2002.08.10"]
[Round "9"]
[White "Kogan, Artur"]
[Black "Dervishi, Erald"]
[Result "1-0"]
[WhiteElo "2530"]
[BlackElo "2523"]
[PlyCount "69"]
[EventDate "2002.08.03"]

1. d4 Nf6 2. c4 e6 3. Nc3 d5 4. Bg5 Be7 5. Nf3 O-O 6. e3 Nbd7 7. Bd3 dxc4 8.
Bxc4 c5 9. O-O cxd4 10. Nxd4 Nb6 11. Bb3 Nfd7 12. Bxe7 Qxe7 13. Ne4 a5 14. a3
a4 15. Ba2 Nf6 16. Qf3 Nbd7 17. Rac1 Ra5 18. Rfd1 Nxe4 19. Qxe4 Rc5 20. Ne2 b5
21. Rxc5 Qxc5 22. Nc3 Nf6 23. Qd4 Qh5 24. Qb6 Bd7 25. Qc7 Be8 26. Rd8 Ng4 27.
h3 Qe5 28. Qb8 Qxb8 29. Rxb8 Ne5 30. Nxb5 Bc6 31. Rb6 Ba8 32. Nc3 Rd8 33. Rb5
Nd3 34. Bb1 Ne1 35. f3 1-0

[Event "VI Open A"]
[Site "Genova ITA"]
[Date "2002.08.10"]
[Round "9"]
[White "Mateo, Ramon"]
[Black "Guido, Flavio"]
[Result "1/2-1/2"]
[WhiteElo "2416"]
[BlackElo "2327"]
[PlyCount "126"]
[EventDate "2002.08.03"]

1. e4 c5 2. Nf3 e6 3. d4 cxd4 4. Nxd4 Nf6 5. Nc3 d6 6. g4 Nc6 7. g5 Nd7 8. Rg1
a6 9. Be3 Qc7 10. Qd2 Na5 11. Rg3 b5 12. Nb3 Nc4 13. Bxc4 Qxc4 14. Qd4 Qxd4 15.
Bxd4 b4 16. Na4 Bb7 17. f3 Rc8 18. O-O-O d5 19. e5 Bc6 20. Nb6 Nxb6 21. Bxb6
Ba4 22. Nd4 g6 23. f4 h6 24. Rh3 Bg7 25. b3 Bd7 26. Re1 hxg5 27. Rxh8+ Bxh8 28.
fxg5 Bg7 29. Re3 Bf8 30. Rh3 Bg7 31. Re3 Bf8 32. Ne2 Bb5 33. Nf4 Be7 34. h4 Kd7
35. Rf3 Bc5 36. Bxc5 Rxc5 37. Kd2 d4 38. h5 gxh5 39. g6 fxg6 40. Nxg6 Kc6 41.
Rh3 Rc3 42. Rxh5 d3 43. cxd3 Rxd3+ 44. Kc1 Rf3 45. Rh4 Bd3 46. Ne7+ Kc5 47. Rh6
Kd4 48. Rxe6 Rf1+ 49. Kd2 Rf2+ 50. Kc1 Rc2+ 51. Kd1 Rxa2 52. Rd6+ Kc3 53. Nd5+
Kxb3 54. e6 Be2+ 55. Ke1 Bc4 56. Nf4 Ra5 57. Nd3 Bxd3 58. Rxd3+ Kc4 59. Re3 b3
60. Kd2 Rd5+ 61. Kc1 Rd8 62. e7 Re8 63. Kb2 Kd5 1/2-1/2

[Event "VI Open A"]
[Site "Genova ITA"]
[Date "2002.08.10"]
[Round "9"]
[White "Mollero, Michele"]
[Black "Jowett, Peter E."]
[Result "1/2-1/2"]
[WhiteElo "2153"]
[BlackElo "2204"]
[PlyCount "42"]
[EventDate "2002.08.03"]

1. d4 d5 2. c4 dxc4 3. Nf3 Nf6 4. Qa4+ Nc6 5. Nc3 a6 6. Qxc4 Be6 7. Qd3 b5 8.
Bg5 h6 9. Bxf6 exf6 10. e4 Bg4 11. d5 Bxf3 12. Qxf3 Nd4 13. Qd3 c5 14. dxc6
Nxc6 15. O-O-O Qxd3 16. Bxd3 Bc5 17. f3 O-O 18. Kb1 Rad8 19. Nd5 Nb4 20. Nxb4
Bxb4 21. Bc2 Ba5 1/2-1/2

[Event "VI Open A"]
[Site "Genova ITA"]
[Date "2002.08.10"]
[Round "9"]
[White "Sautto, Daniele"]
[Black "Plachkinova Georgieva, Tatjana"]
[Result "0-1"]
[WhiteElo "2097"]
[BlackElo "2149"]
[PlyCount "78"]
[EventDate "2002.08.03"]

1. e4 c5 2. Nc3 Nc6 3. g3 g6 4. Bg2 Bg7 5. d3 e6 6. Be3 d6 7. Qd2 Rb8 8. Nge2
Nd4 9. Bxd4 cxd4 10. Nb5 e5 11. Qb4 Bf8 12. Qc4 Nf6 13. O-O Be7 14. Nc7+ Kf8
15. Nd5 Nxd5 16. exd5 Kg7 17. f4 Rf8 18. Rf2 b5 19. Qb3 Bd7 20. Raf1 f5 21.
fxe5 dxe5 22. c3 dxc3 23. bxc3 b4 24. c4 Bc5 25. d4 exd4 26. Qd3 Qf6 27. Rd1
Ba4 28. Rd2 b3 29. Nf4 bxa2 30. Rxa2 Bd7 31. Rfe2 Rfe8 32. Bf3 Qb6 33. h4 a5
34. Kg2 a4 35. Qc2 Rxe2+ 36. Bxe2 Re8 37. Nd3 Re3 38. Bf3 a3 39. Nc1 Rc3 0-1

[Event "VI Open A"]
[Site "Genova ITA"]
[Date "2002.08.10"]
[Round "9"]
[White "Sbarra, Marco"]
[Black "Todorov, Ognjan"]
[Result "0-1"]
[WhiteElo "2237"]
[BlackElo "2376"]
[PlyCount "62"]
[EventDate "2002.08.03"]

1. e4 c5 2. Nf3 e6 3. b3 a6 4. c4 Nc6 5. Bb2 d6 6. d4 cxd4 7. Nxd4 Bd7 8. Bd3
Nf6 9. Nd2 Be7 10. O-O O-O 11. Qe2 Re8 12. N2f3 e5 13. Nc2 Nh5 14. Ne3 Nb4 15.
Bb1 Nf4 16. Qd2 a5 17. Rd1 Be6 18. a3 Na6 19. b4 Qc8 20. Rc1 Bg4 21. Ne1 Ne2+
22. Kh1 Nxc1 23. Bxc1 Be6 24. Bd3 Bg5 25. N1c2 Nb8 26. Bb2 axb4 27. axb4 Rxa1+
28. Bxa1 Nd7 29. g3 Qc6 30. Qe2 Bxe3 31. Nxe3 Ra8 0-1

[Event "VI Open A"]
[Site "Genova ITA"]
[Date "2002.08.10"]
[Round "9"]
[White "Scacco, Mauro"]
[Black "Danieli, Enrico"]
[Result "0-1"]
[WhiteElo "2070"]
[BlackElo "2119"]
[PlyCount "111"]
[EventDate "2002.08.03"]

1. e4 c6 2. d4 d5 3. e5 c5 4. c3 Nc6 5. Ne2 Bg4 6. Qa4 Bxe2 7. Bxe2 cxd4 8. O-O
e6 9. Bb5 Qb6 10. cxd4 Nge7 11. Be3 a6 12. Nc3 Rc8 13. Bd3 Qb4 14. Rfc1 Ng6 15.
a3 Qb6 16. b4 Be7 17. Qd1 O-O 18. Na4 Qa7 19. Rc3 b5 20. Rac1 Qb7 21. Nc5 Bxc5
22. Rxc5 Na7 23. g3 Rxc5 24. Rxc5 Rc8 25. Qc2 Nf8 26. h4 Rxc5 27. dxc5 Nc6 28.
f4 h5 29. Qe2 g6 30. g4 hxg4 31. Qxg4 Ne7 32. h5 Nf5 33. Bf2 d4 34. hxg6 Nxg6
35. Bxf5 exf5 36. Qxf5 Qd5 37. Qc8+ Kh7 38. Qh3+ Kg7 39. Bh4 Nxh4 40. Qxh4 d3
41. Qf6+ Kg8 42. Qg5+ Kf8 43. Qg4 d2 44. Qd1 Qd4+ 45. Kf1 Qxf4+ 46. Ke2 Qh2+
47. Kd3 Qg3+ 48. Kc2 Qxa3 49. Qxd2 Qa2+ 50. Kc1 Qa1+ 51. Kc2 Qa2+ 52. Kc3 Qa1+
53. Kd3 Qxe5 54. Qh6+ Kg8 55. Qd6 Qxd6+ 56. cxd6 0-1

[Event "VI Open A"]
[Site "Genova ITA"]
[Date "2002.08.10"]
[Round "9"]
[White "Temi, Walter"]
[Black "Astengo, Marcello"]
[Result "0-1"]
[WhiteElo "2073"]
[BlackElo "2124"]
[PlyCount "74"]
[EventDate "2002.08.03"]

1. e4 e6 2. d4 d5 3. Nc3 Nf6 4. e5 Nfd7 5. f4 c5 6. Nf3 Nc6 7. Be3 cxd4 8. Nxd4
Bc5 9. Qd2 O-O 10. O-O-O a6 11. Kb1 Qe7 12. Nb3 b6 13. Qf2 Bb7 14. h4 Rac8 15.
Rh3 Rfd8 16. h5 Bxe3 17. Qxe3 Nc5 18. Nd4 b5 19. Bd3 Na5 20. f5 Nc4 21. f6 Qf8
22. fxg7 Qe7 23. Qf4 b4 24. Nce2 Ne4 25. Ng3 Qg5 26. Qxg5 Nxg5 27. Rh4 Nxe5 28.
h6 f5 29. Nh5 Kf7 30. Rf1 Ne4 31. Nxf5 Nd2+ 32. Kc1 Nxf1 33. Nd6+ Rxd6 34. Rf4+
Ke7 35. Bxf1 Ng6 36. Rxb4 Ba8 37. Bxa6 Rxa6 0-1

[Event "I Open"]
[Site "Bergamo ITA"]
[Date "2002.07.26"]
[Round "1"]
[White "Barlocco, Carlo"]
[Black "Reso, Amar"]
[Result "1-0"]
[WhiteElo "2136"]
[BlackElo "1512"]
[PlyCount "29"]
[EventDate "2002.07.26"]

1. e4 e5 2. Nf3 Nc6 3. Nc3 Nf6 4. Bb5 d6 5. d4 exd4 6. Nxd4 Bd7 7. O-O Be7 8.
b3 O-O 9. Bb2 h6 10. Re1 Nxd4 11. Qxd4 a6 12. Bxd7 Qxd7 13. Nd5 Rfe8 14. e5
dxe5 15. Nxf6+ 1-0

[Event "I Open"]
[Site "Bergamo ITA"]
[Date "2002.07.26"]
[Round "1"]
[White "Bednarich, Jan"]
[Black "Regorda, Vittorio"]
[Result "1-0"]
[WhiteElo "2221"]
[BlackElo "1615"]
[PlyCount "63"]
[EventDate "2002.07.26"]

1. e4 e6 2. d4 d5 3. e5 c5 4. Qg4 cxd4 5. Nf3 Nc6 6. Bd3 Nb4 7. O-O Nxd3 8.
cxd3 Ne7 9. Nxd4 Bd7 10. Nc3 a6 11. Bg5 Qc7 12. Bxe7 Kxe7 13. Qf4 Ke8 14. Rac1
Qd8 15. Qg3 g6 16. Rfe1 Be7 17. Nf3 Kf8 18. h4 h5 19. Ne2 Rc8 20. Nf4 Bxh4 21.
Rxc8 Bxc8 22. Nxh4 g5 23. Nhg6+ fxg6 24. Nxg6+ Kg7 25. Nxh8 Kxh8 26. Rc1 Bd7
27. Qe3 Kg7 28. d4 Bc6 29. Rf1 Bb5 30. Rc1 Bc6 31. g3 Qf8 32. Qxg5+ 1-0

[Event "I Open"]
[Site "Bergamo ITA"]
[Date "2002.07.26"]
[Round "1"]
[White "Belotti, Bruno"]
[Black "Cambieri, Mario"]
[Result "1-0"]
[WhiteElo "2430"]
[BlackElo "1660"]
[PlyCount "45"]
[EventDate "2002.07.26"]

1. e4 c5 2. Nf3 d6 3. d4 cxd4 4. Nxd4 Nf6 5. Nc3 g6 6. Be3 Bg7 7. f3 Nc6 8. Qd2
O-O 9. Bc4 Bd7 10. O-O-O Rc8 11. Bb3 Ne5 12. h4 Nc4 13. Bxc4 Rxc4 14. h5 Qa5
15. hxg6 fxg6 16. Nb3 Qc7 17. e5 dxe5 18. Nd5 Nxd5 19. Qxd5+ Rf7 20. Qxd7 Rxc2+
21. Kb1 Rxb2+ 22. Kxb2 e4+ 23. Kb1 1-0

[Event "I Open"]
[Site "Bergamo ITA"]
[Date "2002.07.26"]
[Round "1"]
[White "Cacco, Christian"]
[Black "Rombaldoni, Axel"]
[Result "1-0"]
[WhiteElo "2248"]
[BlackElo "1618"]
[PlyCount "101"]
[EventDate "2002.07.26"]

1. d4 d5 2. Nf3 e6 3. c4 c6 4. e3 Bd6 5. Nc3 f5 6. Ne5 Nf6 7. f4 O-O 8. Be2 Ne4
9. O-O Bd7 10. Bd2 Be8 11. Nxe4 fxe4 12. Qb3 b6 13. Bb4 c5 14. dxc5 bxc5 15.
Bc3 Bxe5 16. Bxe5 Nc6 17. cxd5 exd5 18. Qc3 Qe7 19. Rfd1 Nxe5 20. Qxe5 Qxe5 21.
fxe5 Bf7 22. Bb5 Rab8 23. a4 c4 24. Rd2 Rb6 25. Rc1 a6 26. Bd7 Rd8 27. a5 Rh6
28. Bf5 Rb8 29. Rc3 Rc6 30. e6 Bxe6 31. Bxe6+ Rxe6 32. Rxd5 Rxb2 33. Rxc4 Rf6
34. h3 Rff2 35. Rg5 h6 36. Rg3 Rf5 37. Rc8+ Rf8 38. Rc6 Rb1+ 39. Kh2 Rff1 40.
Rg4 Rb4 41. Rxh6 Re1 42. Rxa6 Rxe3 43. Ra7 Reb3 44. a6 e3 45. Raxg7+ Kf8 46. a7
Rxg4 47. a8=Q+ Kxg7 48. hxg4 e2 49. Qa7+ Kf8 50. Qf2+ Kg7 51. Qxe2 1-0

[Event "I Open"]
[Site "Bergamo ITA"]
[Date "2002.07.26"]
[Round "1"]
[White "Chiaretti, Roberto"]
[Black "Brunelli, Giovanni"]
[Result "1-0"]
[WhiteElo "2199"]
[BlackElo "1600"]
[PlyCount "109"]
[EventDate "2002.07.26"]

1. d4 e6 2. Nf3 b6 3. e4 Bb7 4. Bd3 d6 5. O-O Nf6 6. Qe2 Be7 7. e5 Nfd7 8. Bf4
O-O 9. Rd1 Re8 10. c4 Nf8 11. Nc3 a6 12. Rac1 Nbd7 13. Be4 Bxe4 14. Qxe4 f5 15.
Qc6 Rc8 16. h3 Nb8 17. Qb7 Ng6 18. Bh2 Nh4 19. Nxh4 Bxh4 20. d5 Bg5 21. Rb1 Re7
22. c5 dxc5 23. dxe6 Qf8 24. Nd5 Rxe6 25. Nxc7 Re7 26. Qd5+ Kh8 27. Ne6 Rd7 28.
Nxf8 Rxd5 29. Rxd5 Rxf8 30. Rd6 b5 31. Rbd1 Kg8 32. e6 Re8 33. R6d5 c4 34. Rxf5
Bf6 35. Be5 Bxe5 36. Rxe5 Nc6 37. Re4 Nb4 38. Rd6 a5 39. Rb6 Nxa2 40. Rxb5 c3
41. Rc4 cxb2 42. Rxb2 Nb4 43. Re2 Nd5 44. Re5 Nf6 45. Ra4 Ra8 46. Rexa5 Rxa5
47. Rxa5 Kf8 48. Ra7 Ne8 49. f4 Nd6 50. g4 h6 51. Kg2 Ne4 52. Kf3 Nf6 53. Rf7+
Kg8 54. Rxf6 gxf6 55. Ke4 1-0

[Event "I Open"]
[Site "Bergamo ITA"]
[Date "2002.07.26"]
[Round "1"]
[White "Contin, Daniel"]
[Black "Fracasso Pezzolato, Michele"]
[Result "1-0"]
[WhiteElo "2334"]
[BlackElo "1645"]
[PlyCount "89"]
[EventDate "2002.07.26"]

1. e4 c5 2. Nf3 e6 3. d4 cxd4 4. Nxd4 Nf6 5. Bd3 d6 6. c4 Nc6 7. Nxc6 bxc6 8.
O-O d5 9. e5 dxc4 10. Bxc4 Qxd1 11. Rxd1 Nd5 12. Nd2 Be7 13. Ne4 O-O 14. Bd2 a5
15. Rac1 Ba6 16. Bxa6 Rxa6 17. Rc4 Nb4 18. Be1 Rd8 19. Rxd8+ Bxd8 20. Bxb4 axb4
21. Rxb4 Rxa2 22. f4 Kf8 23. Rb8 Ke7 24. Rb7+ Kf8 25. Kf2 Ra8 26. Ke3 Rc8 27.
Rxf7+ Kxf7 28. Nd6+ Ke7 29. Nxc8+ Kd7 30. Nd6 Bb6+ 31. Ke4 Bg1 32. h3 Bc5 33.
Nc4 Be7 34. g4 g6 35. Ne3 c5 36. f5 exf5+ 37. gxf5 gxf5+ 38. Nxf5 Bf8 39. Kd5
h5 40. b3 Kd8 41. e6 Ke8 42. Nd6+ Kd8 43. Nb7+ Ke7 44. Nxc5 Kf6 45. Nd7+ 1-0

[Event "I Open"]
[Site "Bergamo ITA"]
[Date "2002.07.26"]
[Round "1"]
[White "Dondi, Renzo"]
[Black "Ferretti, Folco"]
[Result "0-1"]
[WhiteElo "1633"]
[BlackElo "2279"]
[PlyCount "64"]
[EventDate "2002.07.26"]

1. Nf3 Nf6 2. e3 d5 3. c4 c6 4. Be2 Bg4 5. cxd5 cxd5 6. b4 e6 7. a3 Bd6 8. d4
a5 9. b5 O-O 10. Bb2 Nbd7 11. Nbd2 a4 12. O-O Qe7 13. Ne5 Bf5 14. Nxd7 Nxd7 15.
g4 Bg6 16. f4 f6 17. Nf3 Rfc8 18. Bd3 Bxd3 19. Qxd3 Nb6 20. Nd2 f5 21. g5 Qe8
22. Rac1 Rxc1 23. Rxc1 Ra5 24. Rb1 Rxb5 25. Bc1 Rxb1 26. Qxb1 Qc6 27. Kf2 Nc4
28. Nxc4 dxc4 29. Kg3 b5 30. Qc2 b4 31. axb4 Bxb4 32. Bb2 Be1+ 0-1

[Event "I Open"]
[Site "Bergamo ITA"]
[Date "2002.07.26"]
[Round "1"]
[White "Gorini, Tommaso"]
[Black "Piantoni, Roberto"]
[Result "0-1"]
[WhiteElo "1600"]
[BlackElo "2171"]
[PlyCount "72"]
[EventDate "2002.07.26"]

1. e4 Nf6 2. e5 Nd5 3. d4 d6 4. Nf3 g6 5. Bc4 Nb6 6. Bb3 Bg7 7. O-O O-O 8. Re1
Nc6 9. exd6 cxd6 10. c3 Bf5 11. Bf4 Rc8 12. Nbd2 Na5 13. Bc2 Qd7 14. Ne4 Nac4
15. Bc1 Nd5 16. Ng3 Bxc2 17. Qxc2 b5 18. Bd2 a5 19. Rac1 b4 20. b3 Nxd2 21.
Qxd2 bxc3 22. Qg5 e6 23. h4 Qd8 24. Qg4 h5 25. Qe4 Qf6 26. Qe2 Bh6 27. Ne4 Qe7
28. Rc2 Rfd8 29. a3 Qb7 30. Rb1 Kg7 31. g3 Rc6 32. Nfg5 Rdc8 33. Qf3 Qe7 34.
Rbc1 f6 35. Nxc3 Nxc3 36. Rxc3 Rxc3 0-1

[Event "I Open"]
[Site "Bergamo ITA"]
[Date "2002.07.26"]
[Round "1"]
[White "Gosio, Denis"]
[Black "Maestro, Ulisse"]
[Result "1-0"]
[WhiteElo "2154"]
[BlackElo "1600"]
[PlyCount "55"]
[EventDate "2002.07.26"]

1. e4 e6 2. d4 d5 3. Nd2 c5 4. exd5 exd5 5. Ngf3 Nf6 6. Bb5+ Bd7 7. Bxd7+ Qxd7
8. O-O Be7 9. dxc5 Nc6 10. Nb3 Ne4 11. Re1 O-O-O 12. Be3 f5 13. c3 Rde8 14. Qd3
h6 15. Rad1 Rd8 16. Bd4 Bf6 17. Qb1 Rhe8 18. Bxf6 gxf6 19. Nfd4 Re5 20. f3 Ng5
21. Rxe5 fxe5 22. Nxf5 Rg8 23. Kh1 Kb8 24. Qd3 Qc7 25. Qxd5 Rd8 26. Nd6 Nf7 27.
Rd2 Nxd6 28. cxd6 1-0

[Event "I Open"]
[Site "Bergamo ITA"]
[Date "2002.07.26"]
[Round "1"]
[White "Laketic, Gojko"]
[Black "Bassis, Ivano"]
[Result "1-0"]
[WhiteElo "2448"]
[BlackElo "1663"]
[PlyCount "47"]
[EventDate "2002.07.26"]

1. d4 Nf6 2. c4 c5 3. Nf3 g6 4. Nc3 Bg7 5. e4 d6 6. d5 Nbd7 7. h3 O-O 8. Bg5 h6
9. Be3 Ne8 10. Qd2 Kh7 11. Bd3 b6 12. Nh2 Ne5 13. Be2 f5 14. f4 Nf7 15. exf5
gxf5 16. Bd3 Nh8 17. g4 Ng6 18. Nf3 Kg8 19. O-O-O e5 20. dxe6 Bxe6 21. Rhg1 Qf6
22. gxf5 Bxf5 23. Nd5 Qf7 24. Bxf5 1-0